Development control and planning law in Singapore

Bibliographic Details
Main Author: Khublall
Format: Book
Published: Singapore : Longman Singapore Publishers ltd , 1991
Subjects:

MARC

LEADER 00000cam a2200000 7i4500
001 0000008278
005 20161121.0
020 |a 9971899981 
040 |a INS 
090 0 0 |a HT169.8.S55   |b K48 1991 
100 0 |a Khublall   |f N 
245 1 0 |a Development control and planning law in Singapore   |c N Khublall, Belinda Yuen 
260 |a Singapore :   |b Longman Singapore Publishers ltd ,   |c 1991 
300 |a 415p. ;   |c 21.5 cm. 
650 0 |a Zoning law   |z Singapore 
650 0 0 |a City planning and redevelopment law   |z Singapore 
650 0 0 |a Land use   |z Singapore   |x Planning 
999 |a 0000023097   |b BOOK   |c Open Shelf   |e Default branch